=LDR 00000nam 2200000 4500 =001 INLIS000000000022719 =005 20130612121440 =008 ***********************************Ind** =035 ##$$0010-061300000022719 =041 ##$$a Ind =082 ##$$a 353.33 =090 ##$$a 353.33, Ind p =100 ##$$a Indonesia =245 ##$$a Petunjuk tehnis pelaksanaan transmigrasi swakarsa hutan tanaman industri =260 ##$$a 1990 $b Jakarta =300 ##$$a v 154 hlm, ilus, 22 cm =650 ##$$a indonesia-transmigrasi =850 ##$$a NBPNMAT